| 000 | 01363 a2200229 4500 | ||
|---|---|---|---|
| 001 | 48540 | ||
| 005 | 20260407155749.0 | ||
| 008 | 260407a1973 arg spa d | ||
| 003 | AR-UNSa-BCEJYS | ||
| 040 |
_aAR-UNSa-BCEJYS _bspa _cAR-UNSa-BCEJYS |
||
| 080 |
_a366 _xConsumismo |
||
| 245 | 1 | 0 | _aUna teoría de la función de consumo |
| 020 | _a978-84-206-2036-7 | ||
| 264 | 1 |
_aMadrid : _bAlianza Editorial _c1973 |
|
| 300 |
_a297 p. _c20 cm. |
||
| 505 | _a1. Introducción - 2. Los supuestos de la teoría pura del comportamiento del consumidor - 3. La hipótesis de la renta permanente - 4. Compatibilidad de la hipótesis de la renta permanente con los testimonios existentes acerca de la relación entre consumo y renta: los estudios de presupuestos familiares - 5. Concordancia de la hipòtesis de la renta permanente con los testimonios existentes acerca de la relación entre consumo y renta: los datos de series temporales - 6. Relación entre las hipótesis de la renta permanente y la renta relativa - 7. Testimonios, derivados de los datos de rentas, acerca de la importancia relativa de los componentes permanentes y transitorios de la renta - 8. Miscelánea - 9. Resumen y conclusión. | ||
| 942 | _cBK | ||
| 590 | _aniveau_biblio:m niveau_hierar:0 | ||
| 100 | 1 | _aFriedman, Milton | |
| 700 | 1 | _aBetancor Cubelo, Lorenzo | |
| 700 | 1 | _aVergara, José | |
| 999 |
_c4608 _d4608 |
||